Význam fyzického prostredia v marketingu divadla diplomová práca

Gespeichert in:
Bibliographische Detailangaben
1. Verfasser: Tardová, Veronika
Körperschaft: Obchodná fakulta EU. Katedra marketingu
Weitere Verfasser: Tajtáková, Mária
Format: Buch
Sprache:Slowakisch
Veröffentlicht: Bratislava 2009
Tags: Tag hinzufügen
Keine Tags, Fügen Sie das erste Tag hinzu!

MARC

LEADER 00000nam$a2200000$$$4500
001 0098043
005 20240318135556.4
041 0 |a slo 
044 |a SK 
245 1 0 |a Význam fyzického prostredia v marketingu divadla  |b diplomová práca  |c Veronika Tardová ; škol. Mária Tajtáková 
264 1 |a Bratislava  |c 2009 
300 |a 81 s. 
100 1 |a Tardová, Veronika 
700 1 |a Tajtáková, Mária 
710 2 |a Obchodná fakulta EU. Katedra marketingu